000 00327nam a2200133Ia 4500
005 20260325234755.0
008 260325s9999||||xx |||||||||||||| ||und||
082 _a770
100 _aPaolini, Ramón
245 0 _a6:00 a.m. :
_b Memorias y olvido /
_cRamón Paolini
260 _bEx Libris
650 _aFOTOGRAFÍA
942 _cBK
999 _c6281
_d6281